| 000 | 00445nam a2200157 i 4500 | ||
|---|---|---|---|
| 001 | 27655 | ||
| 003 | ES-MaACL | ||
| 005 | 20230906153656.0 | ||
| 007 | t| | ||
| 008 | 030115s1863 it ||||1| ita d | ||
| 100 | 1 |
_aAudisio, Guglielmo. _923856 |
|
| 245 | 1 | 0 |
_aDiritto publico della chiesa e delle genti christiane / _cper Guglielmo Audisio. |
| 260 |
_aRoma : _bAureli e C., _c1863. |
||
| 300 |
_a3 v. ; _c19 cm. |
||
| 852 |
_aES-MaACL _jG-9628-30 |
||
| 999 |
_c27655 _d27655 |
||